| 000 | 00613 a2200265 4500 | ||
|---|---|---|---|
| 260 | _aParis | ||
| 630 | _a30 - Sciences sociales en general | ||
| 037 | _b1, CCA | ||
| 650 | _a3 - SCIENCES SOCIALES | ||
| 100 | _aStone, Douglas | ||
| 700 | _aPatton, Bruce | ||
| 700 | _aHeen, Sheila | ||
| 260 | _bEd. du Seuil | ||
| 245 | _aComment mener les discussions difficiles | ||
| 300 | _a270 p. | ||
| 650 | _aDialogue | ||
| 260 | _c2001 | ||
| 300 | _b22 cm | ||
| 100 | _lFr | ||
| 037 | _aL 14919 | ||
| 700 | _atrad., Taffin-Jouhaud, Dominique | ||
| 020 | _a2-02-039952-0 | ||
| 999 |
_c43080 _d43080 |
||